| 000 | 00726nam a2200265Ia 4500 | ||
|---|---|---|---|
| 008 | 180313s9999 xx 000 0 und d | ||
| 020 | _a9780545813907 | ||
| 050 | _bER B942 2016 | ||
| 100 | _aBunting, Eve | ||
| 245 | _aI love you, too! / | ||
| 245 | _cby Eve Bunting ; illustrated by Melissa Sweet. | ||
| 260 | _aNew York, New York : | ||
| 260 | _bScholastic Inc., | ||
| 260 | _c2016 | ||
| 300 | _aunpaged : | ||
| 300 | _bcolored illustrations ; | ||
| 300 | _c20cm. | ||
| 650 | _aBoard books. | ||
| 650 | _aGifts -- | ||
| 650 | _aMother and child -- | ||
| 650 | _xPictorial works -- Juvenile fiction. | ||
| 650 | _xPictorial works -- Juvenile fiction. | ||
| 700 | _aSweet, Melissa. | ||
| 700 | _aTitle. | ||
| 999 |
_c356232 _d356232 |
||